000 00493nam a2200169Ia 4500
008 230718s9999 xx 000 0 und d
020 _a9781107439863
041 _aeng
082 _a005.3
_bLIL
100 _aLilja D.J.
_9199198
245 _aMeasuring Computer Performance
_bA Practitioner's Guide
260 _c2014
_bCambrigde University Press
300 _a261
365 _cRs.
_b595.00
700 _aLilja D.J.
_9199198
906 _dO:0519209-Jul-2016B:IN 34130-Jun-2016
_cCOMP
_b148.75
999 _c342438
_d342438